000 00395nam a22001697a 4500
003 CEME
005 20210628203038.0
008 210129b xxu||||| |||| 00| 0 eng d
020 _a969-35-2088-2
040 _c.
082 _a891.4393 QAS
100 _aAhmad Nadeem Qasmi
_99862
245 _aBazaar hayaat
260 _aLAHORE
_bSANG-E-MEEL PUB
_c2008
300 _a206P
942 _cBK
_2ddc
999 _c571952
_d571952